banner koha

Analises comparativas de oleo de abacate com oleo de soja e oliva e de suas misturas (Registro n. 123945)

MARC details
000 -LÍDER
campo de controle de tamanho fixo 00922nas a2200289 4500
001 - NÚMERO DE CONTROLE
campo de controle BR8804638
003 - IDENTIFICADOR DO NÚMERO DE CONTROLE
campo de controle BR-BrBNA
005 - DATA E HORÁRIO DA ÚLTIMA TRANSAÇÃO
campo de controle 20231205091247.0
007 - CAMPO FIXO DE DESCRIÇÃO FÍSICA--INFORMAÇÃO GERAL
campo de controle de tamanho fixo ta
008 - CAMPO DE DADOS FIXOS--INFORMAÇÃO GERAL
campo de controle de tamanho fixo 230509b bl.|||p| |||| 00| 00por d
040 ## - FONTE DA CATALOGAÇÃO
Instituição da catalogação original BR-BrBNA
Idioma da catalogação por
Instituição que transcreveu o registro Biblioteca Nacional de Agricultura
041 ## - CÓDIGO DE IDIOMA
Código do idioma do texto/trilha sonora ou título diferente (Pt)
072 ## - CÓDIGO DE CATEGORIA DE ASSUNTO
Código de Categoria de Assunto Q04
100 1# - ENTRADA PRINCIPAL--NOME PESSOAL
Nome pessoal Souza, N.E. de
100 1# - ENTRADA PRINCIPAL--NOME PESSOAL
Nome pessoal Matsushita, M.
100 1# - ENTRADA PRINCIPAL--NOME PESSOAL
Nome pessoal Pereira, P.L.
245 1# - TÍTULO
Título Analises comparativas de oleo de abacate com oleo de soja e oliva e de suas misturas
246 1# - FORMA VARIANTE DO TÍTULO
Título/título abreviado Comparative analyses of the avocado oil soybean and olive oils and their mixtures
650 ## - ASSUNTO--TERMO TÓPICO
Cabeçalho tópico ou nome geográfico ABACATE
650 ## - ASSUNTO--TERMO TÓPICO
Cabeçalho tópico ou nome geográfico SOJA
650 ## - ASSUNTO--TERMO TÓPICO
Cabeçalho tópico ou nome geográfico AZEITONA
650 ## - ASSUNTO--TERMO TÓPICO
Cabeçalho tópico ou nome geográfico OLEO VEGETAL
650 ## - ASSUNTO--TERMO TÓPICO
Cabeçalho tópico ou nome geográfico ANALISE DE ALIMENTO
773 0# - ENTRADA ANALÍTICA
Título Arquivos de Biologia e Tecnologia (Brazil)
ISSN - International Standard Serial Number ISSN 0365-0979
Partes relacionadas (Nov 1987), v. 30(4) p. 533-541
Número de controle do registro BR8804638
909 ## -
-- 202311
-- Lúcia
-- 55
-- Lúcia Elande
942 ## - ELEMENTOS DE ENTRADA ADICIONADOS (KOHA)
Fonte da classificação ou esquema de arquivamento na estante Classificação AGRIS
Ocultar no OPAC Não
Tipo de material Koha Analítica
Exemplares
Situação do descarte Fonte da classificação ou esquema de arquivamento na estante Situação física Não pode ser emprestado Biblioteca de origem Biblioteca atual Localização na estante Enumeração do periódico / cronologia Total de empréstimos Data de último acesso Número do exemplar Tipo de material Koha Fonte de aquisição
  Classificação AGRIS   Consulta local Biblioteca Nacional de Agricultura - Binagri Biblioteca Nacional de Agricultura - Binagri   (Nov 1987), v. 30(4) p. 533-541   29/11/2023 01 Periódicos Portaria Interministerial nº 164/94

BINAGRI

Telefone: (61)3218-2567/2388/3357/2097 - binagri@agro.gov.br

Ministério da Agricultura e Pecuária , Esplanada dos Ministérios, Bloco D, Anexo B, Brasília/DF, CEP: 70.043-900